Svět podle Garpa /
Uloženo v:
| Hlavní autor: | |
|---|---|
| Další autoři: | |
| Médium: | Kniha |
| Jazyk: | Czech |
| Vydáno: |
Praha :
Odeon,
1994
|
| Vydání: | 3. vyd. |
| Edice: | Edice AAA
|
| Témata: | |
| Celkem bylo vypůjčeno: | 45x |
| Tagy: |
Žádné tagy |
| LEADER | 01091nam a2200277 a 4500 | ||
|---|---|---|---|
| 001 | 34839 | ||
| 005 | 20240330055751.0 | ||
| 008 | 961024s1994----xr ---------u-------cze-d | ||
| 015 | |a cnb000087189 | ||
| 020 | |a 80-207-0295-4 : |c 123.00 Kč | ||
| 040 | |a UOG502 |e AACR2 |9 1 |b cze | ||
| 041 | 1 | |a cze |h eng | |
| 100 | 1 | |a Irving, John, |d 1942- |7 jn19990003909 |4 aut |9 17749 | |
| 245 | 1 | 0 | |a Svět podle Garpa / |c John Irving ; [z angl. orig. přel. , dosl. Radoslav Nenadál] |
| 250 | |a 3. vyd. | ||
| 260 | |a Praha : |b Odeon, |c 1994 | ||
| 300 | |a 587 s. | ||
| 490 | 1 | |a Edice AAA | |
| 653 | |a americká literatura |a současnost |a současná |a USA |a Spojené státy americké |a Amerika |a obraz |a 20. stol., 70.-80. léta |a grotesky |a psychologické romány | ||
| 700 | 1 | |a Nenadál, Radoslav, |d 1929-2018 |7 jk01083165 |4 trl |9 21828 | |
| 700 | 1 | |a Nenadál, Radoslav, |d 1929-2018 |7 jk01083165 |4 aui |9 21828 | |
| 830 | 0 | |a Edice AAA | |
| 910 | |a UOG502 | ||
| 999 | |c 34839 |d 34839 | ||
| 942 | 0 | 0 | |0 40 |
| 993 | |0 0 |1 421180009252 |4 0 |7 0 |9 15614 |b 0 |c 9252 |d 1996-10-24 |e 45 |f SKLAD |h 123.00 |l SKLAD |m 6 |r 2022-06-09 |s 2022-04-26 |t 6 |w 2017-09-19 |y KN |z BELET | ||